000 00998nam a22002417a 4500
999 _c65858
_d65858
005 20240530110846.0
008 201020s 2020ua abfhf b 000 0 ara d
017 _a2020/2207
_bمصر. دار الكتب
020 _a9789777283205
040 _aEG-CaGPL
_cEG-CaGPL
082 0 4 _221
_a725.1309621/
_bق/س س
100 0 _aسحر محمد القطرى
245 1 0 _aسكندريات اثارية اسلامية :
_bجولة اثارية فى شوراع واحياء الاسكندرية /
_cسحر محمد القطرى
250 _aط.1
260 _aالقاهرة :
_bدار الحكمة للطباعة و النشر و التوزيع،
_c2020.
300 _a301 ص :
_bايض ؛
_c24 سم.
504 _aيشتمل على ارجاعات ببليوجرافية
650 0 7 _2qrmak
_aالاثار
651 0 7 _2qrmak
_aالاسكندرية
_xوصف ورحلات
651 0 7 _2qrmak
_aالاسكندرية
_xعمارة
942 _2ddc
_cBK